山梨県の戦前市制・町制 - Statistics

General Stats
  • This quiz has been taken 108 times
  • The average score is 13 of 17
Answer Stats
施行日 施行内容 所属郡 回答 % Correct
1889.07.01 市制 (市) 甲府市
100%
1903.08.10 町制 東八代郡 石和町
90%
1928.11.10 町制 東山梨郡 塩山町
90%
1933.04.01 町制 北都留郡 大月町
90%
1892.09.20 町制 北巨摩郡 韮崎町
88%
1898.12.27 町制 北都留郡 上野原町
88%
1931.01.01 町制 南巨摩郡 身延町
88%
1896.08.01 町制 南巨摩郡 鰍沢町
84%
1896.03.02 町制 東山梨郡 勝沼町
76%
1900.04.24 町制 西八代郡 市川大門町
76%
1939.08.01 町制 南都留郡 下吉田町
76%
1936.07.01 町制 中巨摩郡 小笠原町
75%
1935.04.01 町制 北都留郡 猿橋町
71%
1896.03.07 町制 南都留郡 谷村町
69%
1932.12.01 町制 東山梨郡 日下部町
69%
1942.06.08 町制 東山梨郡 諏訪町
59%
1932.04.01 町制 東山梨郡 加納岩町
57%
No matching quizzes found
Score Distribution
Percent of People with Each Score
Percentile by Number Answered
Your Score History
You have not taken this quiz